| 000 | 00489nam a22001577a 4500 | ||
|---|---|---|---|
| 005 | 20260310100921.0 | ||
| 008 | 260310b |||||||| |||| 00| 0 eng d | ||
| 020 | _a0393039730 | ||
| 050 |
_aKF1297.B74 _b.A54 |
||
| 100 | _aAngell, Marcia M. D. | ||
| 245 | _aSCIENCE ON TRIAL: THE CLASH OF MEDICAL EVIDENCE AND THE LAW IN THE BREAST IMPLANT CASE | ||
| 260 |
_aNew-York _bW.W NORTON & COMPANY INC _c1969 |
||
| 300 | _aVI. 256p. | ||
| 650 | _aPRODUCTS LIABIBILTY-BREAST IMPLANTS | ||
| 942 | _cBK | ||
| 999 |
_c4610 _d4610 |
||